| 000 | 00488nam a22001937a 4500 | ||
|---|---|---|---|
| 005 | 20180709115748.0 | ||
| 008 | 180709b xxu||||| |||| 00| 0 eng d | ||
| 020 |
_a9789386338228 _c₹ 299.00 |
||
| 040 | _aLoreto College | ||
| 041 | _aEnglish | ||
| 082 |
_aF _bGHO |
||
| 100 | _aGhose, Sudhin N. | ||
| 245 |
_aAnd gazelles leaping _cSudhin N. Ghosh |
||
| 260 |
_aNew Delhi _bSpeaking Tiger _c2017 |
||
| 300 |
_a207 p. _b24 cm. |
||
| 650 | _aFiction | ||
| 850 | _aLCLIB | ||
| 942 | _cBK | ||
| 999 |
_c41656 _d92135 |
||